000
00320nam a2200133Ia 4500
008
240624s9999 xx 000 0 und d
041
_a
eng
082
_a
657 SAW
100
_a
SAWYERS ROBY
245
_a
MANAGERIAL ACCOUNTING A SOUTH ASIAN PERS
250
_a
(2nd ed.)
260
_c
2011
300
_a
x, 410 p.; 23 cm.
999
_c
31304
_d
31304